NCAA Division I Ice Hockey Programs - Statistics

General Stats
  • This quiz has been taken 45 times
  • The average score is 37 of 65
Answer Stats
Conference School % Correct
Big Ten Michigan
95%
ECAC Yale
95%
Hockey East Boston College
91%
Hockey East Connecticut
91%
Big Ten Minnesota
91%
Hockey East Boston University
86%
ECAC Harvard
86%
Big Ten Michigan State
86%
Big Ten Wisconsin
86%
Hockey East Maine
82%
NCHC North Dakota
82%
Big Ten Penn State
82%
ECAC Brown
77%
NCHC Colorado College
77%
NCHC Denver
77%
Big Ten Ohio State
77%
Hockey East UMass
77%
NCHC Minnesota Duluth
73%
CCHA Minnesota State
73%
Big Ten Notre Dame
73%
Hockey East New Hampshire
68%
Hockey East Vermont
68%
Atlantic Hockey Army
64%
ECAC Dartmouth
64%
NCHC Miami of Ohio
64%
NCHC Western Michigan
64%
Atlantic Hockey Air Force
59%
ECAC Princeton
59%
Hockey East Providence
59%
Independent Arizona State
55%
ECAC Colgate
55%
ECAC Cornell
55%
Atlantic Hockey Niagara
55%
ECAC Quinnipiac
55%
Atlantic Hockey Rochester Polytechnic
55%
Hockey East UMass Lowell
55%
ECAC Rensselaer Polytechnic
50%
NCHC St. Cloud State
50%
Independent Alaska
45%
CCHA Bemidji State
45%
CCHA Bowling Green
45%
CCHA Lake Superior State
45%
CCHA Michigan Tech
45%
Hockey East Northeastern
45%
CCHA Northern Michigan
45%
NCHC Omaha
45%
Atlantic Hockey Sacred Heart
45%
Atlantic Hockey Canisius
41%
CCHA Ferris State
41%
Independent Long Island
41%
No Conference Yet Alaska - Anchorage
36%
ECAC Clarkson
36%
Atlantic Hockey Holy Cross
36%
Hockey East Merrimack
36%
Atlantic Hockey American International
32%
Atlantic Hockey Bentley
32%
Atlantic Hockey Mercyhurst
32%
No Conference Yet Robert Morris
32%
ECAC St. Lawrence
32%
No Conference Yet Stonehill
32%
CCHA St. Thomas
32%
ECAC Union
32%
No Conference Yet Alabama - Huntsville
27%
No Conference Yet Lindenwood
27%
No Conference Yet Augustana
9%
No matching quizzes found
Score Distribution
Percent of People with Each Score
Percentile by Number Answered
Your Score History
You have not taken this quiz